000 00410nam a2200169Ia 4500
008 260407s2023 xx 000 0 und d
041 _aeng
082 _a570/GUP
_b11291
100 _aS.B.GHOKALE
245 _aREMEDIAL BIOLOGY
250 _a9TH
260 _aPUNE
_bNIRALI PRAKASHAN
_c2023
300 _a15.14p
650 _aREMEDIAL BIOLOGY
650 _aREMEDIAL BIOLOGY
700 _aDr.M.G.KALASKAR
999 _c1218783
_d1218783